Millionen, Milliarden oder Billionen? - Statistiken

Allgemein
  • Dieses Quiz wurde 909 mal gespielt
  • Das Durchschnittsergebnis liegt bei 9 aus 14
Antwortstatistiken
Hint Antwort % Korrekt
TV Show : Wer wird _____är? Millionen
93%
Auf der Erde leben ca. 8_____ Menschen. Milliarden
85%
Die Harry Potter Buchreihe hat 600 _____ Kopien verkauft. Millionen
76%
Der meistverdienende Film hat fast 3 ____ Dollar eingespielt. Milliarden
74%
Ungefähr____ Quizze wurden auf JetPunk schon gemacht. Millionen
72%
Das meistgesehene YouTube Video hat 15 _____ views. Milliarden
70%
Schätzungen zufolge ist die Erde 4.5 _____ Jahre alt. Milliarden
65%
Die USA sind ungefähr 35 ____ verschuldet Billionen
58%
Apple ist 3 _____ dollar Wert. Billionen
56%
Auf der Erde sind ca. 3 _____ Bäume. Billionen
52%
32 Jahre sind ca. 1 ______ Sekunden. Milliarden
52%
Ungefähr 64 _____ Monde würden in die Sonne passen. Millionen
49%
Es befinden sich ungefähr 100 _____ Atome in der durchschnittlichen Menschlichen Zelle. Billionen
45%
Die Zahl π wurde um 105 _____ Dezimalziffern bestimmt. Billionen
33%
Keine übereinstimmenden Quizze gefunden
Verteilung der Resultate
Anzahl Personen mit jedem Resultat
Perzentil nach korrekt beantworteten Fragen
Ihre Resultats-Entwicklung
Sie haben dieses Quiz noch nicht gespielt